| 000 -LEADER |
| fixed length control field |
00801nam a22002417a 4500 |
| 001 - CONTROL NUMBER |
| control field |
20210 |
| 003 - CONTROL NUMBER IDENTIFIER |
| control field |
BD-DhUAP |
| 005 - DATE AND TIME OF LATEST TRANSACTION |
| control field |
20200315095302.0 |
| 008 - FIXED-LENGTH DATA ELEMENTS--GENERAL INFORMATION |
| fixed length control field |
200315r20162001ii ||||| b||| 001 0 eng d |
| 020 ## - INTERNATIONAL STANDARD BOOK NUMBER |
| International Standard Book Number |
9780521683258 |
| 040 ## - CATALOGING SOURCE |
| Original cataloging agency |
BD-DhUAP |
| Language of cataloging |
Eng |
| Transcribing agency |
BD-DhUAP |
| Modifying agency |
BD-DhUAP |
| 082 ## - DEWEY DECIMAL CLASSIFICATION NUMBER |
| Edition number |
23 |
| Classification number |
418.0071 RIC |
| 100 ## - MAIN ENTRY--PERSONAL NAME |
| Personal name |
Richards, Jack C. |
| 245 ## - TITLE STATEMENT |
| Title |
Approaches and methods in language teaching / |
| Statement of responsibility, etc. |
Jack C Richards and Theodore Stephen Rodgers. |
| 250 ## - EDITION STATEMENT |
| Edition statement |
2nd ed. |
| 260 ## - PUBLICATION, DISTRIBUTION, ETC. |
| Place of publication, distribution, etc. |
New Delhi : |
| Name of publisher, distributor, etc. |
Cambridge university press, |
| Date of publication, distribution, etc. |
c2001 [Reprinted 2016]. |
| 300 ## - PHYSICAL DESCRIPTION |
| Extent |
ix, 270 pages ; |
| Dimensions |
23 cm. |
| 504 ## - BIBLIOGRAPHY, ETC. NOTE |
| Bibliography, etc. note |
Includes bibliographies and index. |
| 650 ## - SUBJECT ADDED ENTRY--TOPICAL TERM |
| Topical term or geographic name entry element |
Language and languages |
| Form subdivision |
Study and teaching. |
| 650 ## - SUBJECT ADDED ENTRY--TOPICAL TERM |
| Topical term or geographic name entry element |
Second language acquisition. |
| 700 ## - ADDED ENTRY--PERSONAL NAME |
| Personal name |
Rodgers, Theodore Stephen. |
| 942 ## - ADDED ENTRY ELEMENTS (KOHA) |
| Source of classification or shelving scheme |
|
| Koha item type |
Book |